منازعات منقولات الزوجية في قضاء المحاكم المصرية : (رقم التسجيلة. 146427)

تفاصيل مارك
000 -الفاتح
عناصر البيانات ثابتة الطول 00794cam a2200193 i 4500
005 - تاريخ ووقت آخر معاملة
حقل ضبط 20260125094009.0
008 - عناصر البيانات ثابتة الطول
عناصر البيانات ثابتة الطول 250721s2024 ue gr 000 0 ara d
020 ## - الترقيم الدولي المعياري للكتب (ردمك)
الترقيم الدولي المعياري للكتب (ردمك) 9789779402505
082 14 - رقم تصنيف ديوي العشري
رقم التصنيف 345.05
رقم المادة م و ا
100 1# - مدخل رئيسي – اسم شخصي
الاسم الشخصي موافي، احمد محمود
علاقة الشخص بالعمل/ دوره مؤلف.
245 10 - بيان العنوان
العنوان منازعات منقولات الزوجية في قضاء المحاكم المصرية :
بقية العنوان مجموعة اجراءات التقاضي امام محكمة الاسرة /
بيان المسؤولية المستشار احمد محمود موافي.
250 ## - بيان الطبعة
بيان الطبعة طبعة مزيدة ومنقحة.
264 3# - بيانات النشر، التوزيع…إلخ
مكان النشر، التوزيع...إلخ القاهرة :
اسم الناشر، الموزع...إلخ دار الاهرام للنشر،
تاريخ النشر، التوزيع...إلخ 2024.
300 ## - الوصف المادي
عدد الوحدات المكونة للوعاء 312 صفحة.
650 17 - مدخل إضافي بالموضوع - مصطلح موضوعي
مصطلح موضوعي أو اسم جغرافي كعنصر مدخل الجرائم.
650 17 - مدخل إضافي بالموضوع - مصطلح موضوعي
مصطلح موضوعي أو اسم جغرافي كعنصر مدخل قانون الاسرة.
942 ## - بيانات إضافية (كوها)
نوع التنصيف Dewey Decimal Classification
نوع المادة (كوها) كتب
المقتنيات
حالة السحب حالة الفقدان مصدر التصنيف حالة التلف غير قابل للإعارة المكتبة الرئيسية المكتبة الحالية موقع الرف تاريخ التزويد الرقم المتسلسل Total Checkouts رقم الإستدعاء الباركود تاريخ آخر ظهور تاريخ الفاتورة نوع المادة (كوها)
    Dewey Decimal Classification     المكتبة المركزية المكتبة المركزية الإعارة 28/07/2025 1786121   345.05 / م و ا PLD00509686 28/07/2025 28/07/2025 كتب
Implemented & Customized by: BBB with SCIT (Smart Chains for Information Technology)

Powered by Koha